Connaissez-vous bien le Québec? - Statistiques

Statistiques générales
  • Ce quiz a été pris 78 fois
  • Le résultat moyen est 22 sur 37
Statistiques - réponses
Indice: Réponse: % Correct
Métropole Montréal
100%
Capitale Québec
100%
Je me ________ Souviens
94%
Plus grand fleuve Saint-Laurent
92%
La ____ Province Belle
87%
Pays qui a colonisé le Québec France
81%
Plat composé de frites, fromage en grains et de sauce brune Poutine
78%
Équipe d'Hockey de la LNH Canadiens
75%
Chanteuse de la chanson:My heart will go on Céline Dion
73%
Signification du mot: Char Voiture
73%
Provinces à l'ouest du Québec Ontario
71%
Signification du mot: Patate Pomme de terre
70%
Plat composé de bœuf haché, maïs et pomme de terre en purée Pâté Chinois
68%
Date de fondation de la Capitale 1608
65%
Nom du drapeau du Québec Fleurdelisé
63%
Le Québec en produit le plus au Canada Sirop d'érable
63%
Groupe de musique ayantperdu leur chanteur en novembre 2023 Les Cowboys Fringants
60%
Date de la Fête du Québec 24 juin
57%
Attrait touristique de la Gaspésie Rocher Percé
57%
Nombre de région administratives 17
54%
Date à laquelle la métropole a accueilliles Jeux Olympiques 1976
54%
Événement qui s'est déroulé en 1967 Expo67
54%
Provinces au sud-est du Québec Nouveau-Brunswick
54%
Nom de la Fête du Québec Saint-Jean Baptiste
54%
Environ 200 000 personnes le font le 1er juillet Déménager
51%
Chutes près de la capitale Montmorency
49%
Date de fondation de la métropole 1642
48%
Inventé par Joseph-Armand Bombardier Motoneige
46%
Événement de musique dans la capitale Festival d'été de Québec
44%
Le Québec a failli l'être en 1980 et 1995 Indépendant
44%
Animal National Harfang des Neiges
38%
Plus grande région admistrative Nord-du-Québec
38%
Il y en a un dans le Saguenay Fjord
33%
Petit archipel dans le golfe du Saint-Laurent Îles de la Madeleine
25%
Fleur National Iris versicolore
21%
Plus Grand Lac Mistassini
16%
Plus Grande Montagne D'Iberville
5%
Aucun quiz correspondant
Distribution des résultats
% des personnes avec chaque résultat
Percentile par nombre de réponses
Votre historique - résultats
Vous n’avez pas pris ce quiz